Statistiken für Das Quiz zur Weltkarte der sieben Kontinente

Klicken Sie hier um das Quiz zu spielen!

Allgemein

  • Dieses Quiz wurde 265 mal gespielt
  • Das Durchschnittsergebnis liegt bei 7 aus 7

Antworten auf der Karte

Die Antworten werden auf der Karte rot bzw. grün angezeigt, abhängig davon wie oft sie richtig erraten wurden.
 

Antwortstatistiken

Antwort% Korrekt
Afrika
98%
Europa
98%
Asien
97%
Südamerika
97%
Antarktika
96%
Australien (auch Ozeanien genannt)
96%
Nordamerika
96%

Verteilung der Resultate

Perzentil nach korrekt beantworteten Fragen

Anzahl Personen mit jedem Resultat

Ihre Resultats-Entwicklung

Sie haben dieses Quiz noch nicht gespielt